000 00423nam a22001817a 4500
003 MPLRDC
005 20220104144430.0
008 210129b ||||| |||| 00| 0 eng d
020 _a7-5366-1965-0
082 _a413.92 GDF
100 _a谷岱峰
245 _a保健按摩
_c
250 _a一版一刷
260 _a
_b重庆出版社
_c1992
300 _b
650 _a推拿; 按摩
942 _cBK
_o413.92 GDF
999 _c49552
_d49542